Questioning
Αποθηκεύτηκε σε:
| Κύριος συγγραφέας: | |
|---|---|
| Άλλοι συγγραφείς: | |
| Μορφή: | Βιβλίο |
| Γλώσσα: | English |
| Δημοσίευση: |
London :
Routledge,
1993
|
| Σειρά: | Leverhulme Primary Project Classroom skills series
|
| Θέματα: | |
| Ετικέτες: |
Προσθήκη ετικέτας
Δεν υπάρχουν, Καταχωρήστε ετικέτα πρώτοι!
|
MARC
| LEADER | 00000nam a2200000 i 4500 | ||
|---|---|---|---|
| 001 | 1/91982 | ||
| 008 | 991108s1993 eng d | ||
| 020 | |a 0-415-08386-9 | ||
| 035 | |l 10053851 | ||
| 040 | |a GR-MY-UA |b gre |e aacr | ||
| 041 | 0 | |a eng | |
| 082 | 0 | |a 372.13 | |
| 100 | 1 | |a Brown, George |d 1935- | |
| 245 | 1 | 0 | |a Questioning / |c George Brown, E.C. Wragg |
| 260 | |a London : |b Routledge, |c 1993 | ||
| 300 | |a 54 p. | ||
| 490 | 1 | |a Leverhulme Primary Project Classroom skills series | |
| 650 | 0 | 0 | |a Questioning. |
| 700 | 1 | |a Wragg, E. C. |q (Edward Conrad) | |
| 830 | 0 | |a Leverhulme Primary Project Classroom skills series | |
| 852 | |a INST |b RHODES |e 19991108 |h 372.13 BRO |p 005400011950 |q 005400011950 |t BK |y 0 | ||
| 901 | |a BIBL4-1999-3 | ||
| 909 | |a Ρ |b 068305 | ||
| 922 | |a 4ΕΛΗ |b 199908 |c ΚΠΣ/154 |d GLORY BOOKS | ||
| 970 | |a ΚΟΥΛΑΚΙΟΤΗ |b ΛΙΤΣΑ |z 1999/11/08 | ||